|
|
|
|
| LEADER |
01450nam a22003252a 4500 |
| 001 |
000772337 |
| 003 |
CZ BrMZK |
| 005 |
20160519072911.0 |
| 007 |
ta |
| 008 |
050427s1951 xr er|||||||||||cze d |
| 015 |
|
|
|a cnb000505212
|
| 040 |
|
|
|a ABA001
|b cze
|c PNA001
|d ABA001
|d BOA001
|
| 041 |
1 |
|
|a cze
|h ger
|
| 100 |
1 |
|
|a Oelssner, Fred,
|d 1903-1977
|7 jx20060205092
|4 aut
|
| 245 |
1 |
0 |
|a Hospodářské krise.
|n Díl 1.,
|p Krise předmonopolistického kapitalismu /
|c Fred Oelssner
|
| 246 |
3 |
0 |
|a Krise předmonopolistického kapitalismu
|
| 250 |
|
|
|a 1., autoris. vyd.
|
| 260 |
|
|
|a Praha :
|b Svoboda,
|c 1951
|
| 300 |
|
|
|a 298 s. ;
|c 8°
|
| 490 |
1 |
|
|a Velká knihovna politické ekonomie ;
|v sv. 2
|
| 500 |
|
|
|a Přeloženo z němčiny
|
| 830 |
|
0 |
|a Velká knihovna politické ekonomie (Svoboda)
|
| 910 |
|
|
|a BOA001
|b 2-0285.432,1
|b PK-0004.192,1
|
| 964 |
|
|
|a Krize hospodářské - pojetí marxistické
|
| 990 |
|
|
|a BK
|
| 996 |
7 |
|
|b 2618862647
|c 2-0285.432,1
|l MZK
|r Sklad / do 24 hodin
|n 0
|w 000772337
|u 000050
|a 1
|e BOA001
|j MZK50
|s A
|
| 996 |
6 |
|
|b 2618862648
|c 2-0285.432,1
|l MZK
|r Sklad / do 24 hodin
|n 0
|w 000772337
|u 000040
|a 1
|e BOA001
|j MZK50
|s P
|
| 996 |
7 |
|
|b 3119683506
|c PK-0004.192,1
|l MZK
|r Sklad / do 1 hodiny
|n 0
|w 000772337
|u 000010
|a 1
|e BOA001
|j MZK50
|s A
|
| 996 |
7 |
|
|b 3119683507
|c PK-0004.192,1
|l MZK
|r Sklad / do 1 hodiny
|n 0
|w 000772337
|u 000020
|a 1
|e BOA001
|j MZK50
|s A
|
| 996 |
7 |
|
|b 3119683508
|c PK-0004.192,1
|l MZK
|r Sklad / do 1 hodiny
|n 0
|w 000772337
|u 000030
|a 1
|e BOA001
|j MZK50
|s A
|